[Event "ROM-ch U12"]
[Site "Baile Felix"]
[Date "2017.02.06"]
[Round "6"]
[White "Veress, Armand"]
[Black "Vitan, Rares Mihai"]
[Result "1/2-1/2"]
[WhiteElo "1592"]
[BlackElo "1426"]
[PlyCount "105"]
[EventDate "2017.02.02"]
[EventType "swiss"]
[EventRounds "9"]
[EventCountry "ROU"]
[SourceTitle "CBM 176 Extra"]
[Source "ChessBase"]
[SourceDate "2017.03.02"]
[SourceVersion "1"]
[SourceVersionDate "2017.03.02"]
[SourceQuality "1"]

1. e4 b6 2. d4 Bb7 3. Nc3 Nf6 4. Bd3 e6 5. Nf3 Be7 6. 0-0 0-0 7. Qe2 d6 8. Bf4 Nbd7 9. Rad1 c5 10. dxc5 Nxc5 11. e5 Nxd3 12. Qxd3 Nh5 13. Qe3 Nxf4 14. Qxf4 d5 15. Nd4 Rc8 16. Rd3 Ba6 17. Rg3 Bh4 18. Rg4 g5 19. Rd1 h5 20. Rg3 Bxg3 21. Qxg3 Kh7 22. Nf3 Rg8 23. Ne4 Kh6 24. Nf6 Rg6 25. h4 gxh4 26. Qf4+ Kg7 27. Ng5 Rxf6 28. exf6+ Qxf6 29. Qxh4 Kh6 30. f4 Rxc2 31. Qg3 Rxb2 32. Rc1 Rb4 33. Rc7 Rxf4 34. Nxf7+ Kh7 35. Ng5+ Kg6 36. Nh7+ Rg4 37. Qxg4+ hxg4 38. Nxf6 Kxf6 39. Rxa7 Bc4 40. a4 Bb3 41. Kf2 Ke5 42. Ra6 Bc2 43. Rxb6 Bxa4 44. Rb4 Bd1 45. Ke1 Bc2 46. Rxg4 Be4 47. Kd2 Kf5 48. Rg8 Kf6 49. Ke3 e5 50. g4 Bb1 51. g5+ Kf5 52. Kd2 Be4 53. Re8 1/2-1/2

[Event "ROM-ch U12"]
[Site "Baile Felix"]
[Date "2017.02.03"]
[Round "2"]
[White "Vilcu, Matei Stefan"]
[Black "Vitan, Rares Mihai"]
[Result "1-0"]
[WhiteElo "1667"]
[BlackElo "1426"]
[PlyCount "43"]
[EventDate "2017.02.02"]
[EventType "swiss"]
[EventRounds "9"]
[EventCountry "ROU"]
[SourceTitle "CBM 176 Extra"]
[Source "ChessBase"]
[SourceDate "2017.03.02"]
[SourceVersion "1"]
[SourceVersionDate "2017.03.02"]
[SourceQuality "1"]

1. e4 c5 2. Nf3 d6 3. d4 cxd4 4. Nxd4 Nf6 5. Nc3 Nc6 6. Bg5 e6 7. f4 h6 8. Bh4 Be7 9. Bf2 a6 10. Qf3 Qc7 11. Bd3 e5 12. Nde2 exf4 13. Nxf4 Ne5 14. Qg3 g5 15. Nfd5 Nxd5 16. Nxd5 Qc6 17. Bd4 f6 18. 0-0 f5 19. Nxe7 Kxe7 20. exf5 Rf8 21. Rae1 Kf6 22. Rxe5 1-0

[Event "ROM-ch U12"]
[Site "Calimanesti Caciulata"]
[Date "2016.04.21"]
[Round "4"]
[White "Codrea, Andrei Vladimir"]
[Black "Vitan, Rares Mihai"]
[Result "1-0"]
[WhiteElo "1119"]
[BlackElo "1028"]
[PlyCount "75"]
[EventDate "2016.04.18"]
[EventType "swiss"]
[EventRounds "9"]
[EventCountry "ROU"]
[SourceTitle "CBM 172 Extra"]
[Source "ChessBase"]
[SourceDate "2016.06.21"]
[SourceVersion "1"]
[SourceVersionDate "2016.06.21"]
[SourceQuality "1"]

1. d4 e6 2. Nf3 c5 3. g3 Nc6 4. Bg2 d5 5. 0-0 Nf6 6. Bf4 cxd4 7. Nxd4 e5 8. Nxc6 bxc6 9. Bxe5 Bd6 10. Qd4 0-0 11. Bxf6 Qxf6 12. Qxf6 gxf6 13. e4 Ba6 14. Re1 Be5 15. c3 d4 16. Rc1 Rab8 17. b3 Bd3 18. cxd4 Bxd4 19. Nc3 c5 20. Bf1 Bxe4 21. Nxe4 Bxa1 22. Rxa1 Rbc8 23. Rc1 f5 24. Nxc5 Rc7 25. b4 Rfc8 26. Bh3 Rb8 27. a3 a5 28. Rc4 Ra8 29. Bxf5 axb4 30. axb4 Ra4 31. Bc2 Ra6 32. Bb3 Ra3 33. Bc2 Ra1+ 34. Kg2 Rc1 35. b5 Ra1 36. b6 Rc8 37. b7 Rb8 38. Nb3 1-0